[Event "BRA-ch Amateur U2000"]
[Site "Sao Paulo"]
[Date "2016.05.27"]
[Round "4"]
[White "Filgueiras, Nathan Felipe"]
[Black "Lima, Eduardo Augusto Fab"]
[Result "1-0"]
[WhiteElo "1838"]
[BlackElo "1957"]
[PlyCount "123"]
[EventDate "2016.05.26"]
[EventType "swiss"]
[EventRounds "7"]
[EventCountry "BRA"]
[SourceTitle "EXT 2019"]
[Source "ChessBase"]
[SourceDate "2018.10.10"]
[SourceVersion "1"]
[SourceVersionDate "2018.10.10"]
[SourceQuality "1"]

1. e4 c5 2. Nf3 e6 3. d4 cxd4 4. Nxd4 Nc6 5. Nxc6 bxc6 6. Bd3 d5 7. 0-0 Bd6 8. Qe2 Qc7 9. f4 Bc5+ 10. Kh1 d4 11. Qg4 Bf8 12. e5 h5 13. Qg5 g6 14. Nd2 Be7 15. Qg3 h4 16. Qf3 Rb8 17. Qh3 c5 18. b3 Nh6 19. Kg1 Bb7 20. Nc4 Kd7 21. Bd2 Bd5 22. c3 Nf5 23. Rac1 Rbg8 24. Rf2 Qb7 25. Na5 Qb6 26. Nc4 Qb8 27. cxd4 Nxd4 28. Ne3 Bc6 29. Ng4 Qd8 30. Be3 Kc7 31. Bf1 g5 32. fxg5 Bxg5 33. Rxc5 Bxe3 34. Nxe3 Kb8 35. Nc4 Nf3+ 36. Kh1 Qd4 37. Rxc6 Nxe5 38. Nxe5 Qxf2 39. Qf3 Qxf3 40. Nxf3 Rd8 41. Rc1 Kb7 42. Kg1 f6 43. Kf2 e5 44. Rc4 Rhe8 45. Rxh4 e4 46. Ne1 e3+ 47. Kf3 Rd1 48. Bb5 Re5 49. Nc2 Rxb5 50. Nxe3 Rd3 51. Ke2 Rd7 52. Rf4 Rd6 53. Nc4 Re6+ 54. Kd2 Rd5+ 55. Kc3 Re2 56. Rxf6 Rxg2 57. Rf7+ Ka6 58. Rf6+ Kb7 59. Rf7+ Ka6 60. Ne3 Rgg5 61. Nxd5 Rxd5 62. Rh7 1-0

[Event "Sao Paulo Freitas op 2nd"]
[Site "Sao Paulo"]
[Date "2016.04.15"]
[Round "2"]
[White "Sztokbant, Bernardo Vainzoff"]
[Black "Lima, Eduardo Augusto Fab"]
[Result "1-0"]
[WhiteElo "2200"]
[BlackElo "1957"]
[PlyCount "73"]
[EventDate "2016.04.15"]
[EventType "swiss"]
[EventRounds "6"]
[EventCountry "BRA"]
[SourceTitle "CBM 171 Extra"]
[Source "ChessBase"]
[SourceDate "2016.04.26"]
[SourceVersion "1"]
[SourceVersionDate "2016.04.26"]
[SourceQuality "1"]

1. e4 c6 2. Nf3 g6 3. Nc3 Bg7 4. d4 d5 5. h3 Nf6 6. e5 Ne4 7. Bd3 Qa5 8. Bxe4 dxe4 9. Nd2 c5 10. Nb3 Qb4 11. a3 Qc4 12. Nxc5 Bxe5 13. Be3 Bg7 14. N5xe4 f5 15. Nd2 Qc7 16. 0-0 0-0 17. f4 Rd8 18. Ne2 Qb6 19. Qc1 Nc6 20. Nf3 Qa6 21. Rf2 Be6 22. b3 b5 23. Qb2 Qb6 24. c3 Na5 25. Nd2 Bd5 26. Nc1 Rac8 27. Nd3 Qe6 28. Re1 Bf6 29. Rfe2 Ba8 30. Ne5 Bd5 31. Bf2 Bxe5 32. Rxe5 Qc6 33. Rxe7 Bxg2 34. c4 bxc4 35. bxc4 Nxc4 36. Nxc4 Rd5 37. Qb7 1-0